Foreign-Born Population: Las Vegas Quiz Stats

 Plays Quiz not verified by Sporcle

Challenge
Share
Tweet
Embed
Score 0/30 Timer 05:00
0 Plays Today
Number of Immigrants Country % Correct
60,555Mexico
99.3%
2,441Canada
97%
2,327China
97%
436Brazil
93.3%
1,063India
92.5%
580Russia
92.5%
721Japan
91.8%
1,865UK
91%
2,665South Korea
91%
783Peru
90.3%
3,477Cuba
90.3%
6,680El Salvador
88.8%
877Colombia
88.8%
3,003Guatemala
88.1%
1,298Germany
88.1%
Number of Immigrants Country % Correct
904Argentina
87.3%
1,065Honduras
86.6%
14,072Philippines
86.6%
1,246Vietnam
86.6%
453Dominican Republic
84.3%
623Nicaragua
84.3%
437Panama
82.8%
1,348Thailand
81.3%
1,146Iran
78.4%
616Poland
71.6%
709Israel
64.9%
639Taiwan
64.9%
607Laos
64.2%
553Ethiopia
53%
469Armenia
40.3%

You're not logged in!

Compare scores with friends on all Sporcle quizzes.
Join for Free
OR
Log In

You Might Also Like...

Show Comments

Extras

Top Quizzes Today


Score Distribution

Your Account Isn't Verified!

In order to create a playlist on Sporcle, you need to verify the email address you used during registration. Go to your Sporcle Settings to finish the process.

Report this User

Report this user for behavior that violates our Community Guidelines.

Details: